Loading...
| Religion | 0 | 4 | 1 | 1 | 35 | 131 | 146.00 | 0 | 0 | 2.79 | 13.37 |
| Literature - European | 0 | 3 | 0 | 0 | 30 | 108 | 122.33 | 0 | 2 | 4.13 | 13.97 |
| Fine Arts - Other Arts | 1 | 1 | 0 | 0 | 25 | 51 | 99.50 | 0 | 1 | 5.30 | 8.72 |
| Science - Chemistry | 1 | 1 | 0 | 1 | 25 | 50 | 91.00 | 1 | 1 | 5.20 | 9.47 |
| Fine Arts - Classical Music and Opera | 0 | 2 | 0 | 2 | 20 | 147 | 148.00 | 0 | 0 | -0.10 | 4.18 |
| Fine Arts - Painting and Sculpture | 0 | 2 | 1 | 1 | 15 | 103 | 129.00 | 0 | 0 | 3.03 | 6.67 |
| History - World | 1 | 0 | 0 | 0 | 15 | 58 | 58.00 | 0 | 1 | 4.48 | 7.14 |
| Science - Biology | 0 | 2 | 1 | 0 | 15 | 103 | 119.00 | 0 | 0 | 1.84 | 5.52 |
| Literature - World | 0 | 1 | 0 | 0 | 10 | 156 | 156.00 | 0 | 0 | 0.00 | 1.65 |
| History - American | 0 | 1 | 0 | 0 | 10 | 136 | 136.00 | 0 | 1 | 0.58 | 3.59 |
| Mythology | 0 | 1 | 0 | 0 | 10 | 152 | 152.00 | 0 | 0 | 0.96 | 7.69 |
| Literature - British | 0 | 1 | 1 | 0 | 5 | 148 | 148.00 | 0 | 0 | 0.20 | 2.56 |
| Science - Physics | 0 | 1 | 1 | 0 | 5 | 78 | 78.00 | 0 | 1 | 4.46 | 7.69 |
| Other Science (Computer Science) | 0 | 0 | 0 | 0 | 0 | 0.00 | 0 | 0 | 0.00 | 0.00 | |
| Other Academic | 0 | 0 | 0 | 0 | 0 | 0.00 | 0 | 0 | 0.00 | 0.00 | |
| Literature - American | 0 | 0 | 1 | 0 | -5 | 0.00 | 0 | 0 | 0.00 | 0.00 | |
| History - Other | 0 | 0 | 1 | 0 | -5 | 0.00 | 0 | 0 | 0.00 | 0.00 | |
| Other Science (Astronomy) | 0 | 0 | 1 | 0 | -5 | 0.00 | 0 | 0 | 0.00 | 0.00 |